Teaching of computer science (Record no. 1395176)

MARC details
000 -LEADER
fixed length control field 00651nam a2200229Ia 4500
005 - DATE AND TIME OF LATEST TRANSACTION
control field 20250508165442.0
008 - FIXED-LENGTH DATA ELEMENTS--GENERAL INFORMATION
fixed length control field 008 250505s9999 xx 000 0 eng d
020 ## - INTERNATIONAL STANDARD BOOK NUMBER
International Standard Book Number 978-93-84004-31-6
037 ## - SOURCE OF ACQUISITION
Stock number Textual
040 ## - CATALOGING SOURCE
Original cataloging agency FEDL
Language of cataloging eng
Transcribing agency FEDL
041 ## - LANGUAGE CODE
Language code of text/sound track or separate title eng
Source of code eng
084 ## - COLON CLASSIFICATION NUMBER
Classification number 001.640 7, MAN
Assigning agency FEDL
100 ## - MAIN ENTRY--PERSONAL NAME
Personal name Manjit Singh
245 #0 - TITLE STATEMENT
Title Teaching of computer science
260 ## - PUBLICATION, DISTRIBUTION, ETC.
Place of publication, distribution, etc. Ludhiana, India
Name of publisher, distributor, etc. Vijay Publications
300 ## - PHYSICAL DESCRIPTION
Extent 248p.
365 ## - TRADE PRICE
Price type code INR
Price amount 190
546 ## - LANGUAGE NOTE
Language note Specimen copy gifted by Vijay Publications
700 ## - ADDED ENTRY--PERSONAL NAME
Personal name Tondon Ramma
9 (RLIN) 780910
942 ## - ADDED ENTRY ELEMENTS (KOHA)
Koha item type Textual
Classification part 001.640 7, MAN
Holdings
Withdrawn status Lost status Damaged status Not for loan Home library Current library Date acquired Cost, normal purchase price Total Checkouts Full call number Barcode Date last seen Price effective from Koha item type
        Department of Education Library Department of Education Library 2025-05-08 190.00   001.640 7, MAN EL0088814 2025-05-08 2025-05-08 Textual
Copyright @ Delhi University Library System